<?xml version="1.0" encoding="UTF-8"?>
<collection xmlns="http://www.loc.gov/MARC21/slim">
 <record>
  <leader>01401nam a2200289 a 4500</leader>
  <controlfield tag="001">1/19056</controlfield>
  <controlfield tag="008">020409s2001    gr            000 0 gre d</controlfield>
  <datafield tag="020" ind1=" " ind2=" ">
   <subfield code="a">9602182296</subfield>
  </datafield>
  <datafield tag="035" ind1=" " ind2=" ">
   <subfield code="l">19620</subfield>
  </datafield>
  <datafield tag="040" ind1=" " ind2=" ">
   <subfield code="a">GR-PeUP</subfield>
  </datafield>
  <datafield tag="082" ind1="0" ind2="0">
   <subfield code="a">658 PA ΜΤΦ</subfield>
  </datafield>
  <datafield tag="100" ind1="1" ind2=" ">
   <subfield code="a">Payne, John,</subfield>
   <subfield code="d">1942-</subfield>
  </datafield>
  <datafield tag="245" ind1="1" ind2="0">
   <subfield code="a">Μάνατζμεντ :</subfield>
   <subfield code="b">πώς να το εφαρμόσετε, 110 δοκιμασμένες και αποτελεσματικές προτάσεις /</subfield>
   <subfield code="c">John Payne, Shirley Payne ; μετάφραση Μαρία Ανδρέου ; επιμέλεια Γιάννης Ζηρίνης.</subfield>
  </datafield>
  <datafield tag="250" ind1=" " ind2=" ">
   <subfield code="a">1η έκδ.</subfield>
  </datafield>
  <datafield tag="260" ind1=" " ind2=" ">
   <subfield code="a">Αθήνα :</subfield>
   <subfield code="b">Κριτική,</subfield>
   <subfield code="c">2001.</subfield>
  </datafield>
  <datafield tag="300" ind1=" " ind2=" ">
   <subfield code="a">291 σ. ;</subfield>
   <subfield code="c">21 εκ.</subfield>
  </datafield>
  <datafield tag="490" ind1="1" ind2=" ">
   <subfield code="a">Business / Management ;</subfield>
  </datafield>
  <datafield tag="500" ind1=" " ind2=" ">
   <subfield code="a">110 δοκιμασμένες και αποτελεσματικές προτάσεις.</subfield>
  </datafield>
  <datafield tag="650" ind1=" " ind2="4">
   <subfield code="a">Διοίκηση και οργάνωση.</subfield>
  </datafield>
  <datafield tag="650" ind1=" " ind2="4">
   <subfield code="a">Management.</subfield>
  </datafield>
  <datafield tag="700" ind1="1" ind2=" ">
   <subfield code="a">Payne, Shirley.</subfield>
  </datafield>
  <datafield tag="700" ind1="1" ind2=" ">
   <subfield code="a">Ανδρέου, Μαρία,</subfield>
   <subfield code="e">μετ.</subfield>
  </datafield>
  <datafield tag="700" ind1="1" ind2=" ">
   <subfield code="a">Ζηρίνης, Γιάννης,</subfield>
   <subfield code="e">επιμ.</subfield>
  </datafield>
  <datafield tag="830" ind1=" " ind2=" ">
   <subfield code="a">Business / Management ;</subfield>
   <subfield code="v">9</subfield>
  </datafield>
  <datafield tag="852" ind1=" " ind2=" ">
   <subfield code="a">INST</subfield>
   <subfield code="b">UNIPILB</subfield>
   <subfield code="c">MAIN</subfield>
   <subfield code="e">20040709</subfield>
   <subfield code="h">658 PA ΜΤΦ</subfield>
   <subfield code="p">00139142</subfield>
   <subfield code="q">00139142</subfield>
   <subfield code="t">LOAN</subfield>
   <subfield code="y">0</subfield>
   <subfield code="4">1</subfield>
  </datafield>
  <datafield tag="852" ind1=" " ind2=" ">
   <subfield code="a">INST</subfield>
   <subfield code="b">UNIPILB</subfield>
   <subfield code="c">MAIN</subfield>
   <subfield code="e">20080724</subfield>
   <subfield code="h">658 PA ΜΤΦ</subfield>
   <subfield code="p">00156057</subfield>
   <subfield code="q">00156057</subfield>
   <subfield code="t">LOAN</subfield>
   <subfield code="y">4</subfield>
   <subfield code="x">20200212</subfield>
   <subfield code="4">2</subfield>
  </datafield>
  <datafield tag="852" ind1=" " ind2=" ">
   <subfield code="a">INST</subfield>
   <subfield code="b">UNIPILB</subfield>
   <subfield code="c">MAIN</subfield>
   <subfield code="e">20080909</subfield>
   <subfield code="h">658 PA ΜΤΦ</subfield>
   <subfield code="p">00156186</subfield>
   <subfield code="q">00156186</subfield>
   <subfield code="t">LOAN</subfield>
   <subfield code="y">0</subfield>
   <subfield code="4">3</subfield>
  </datafield>
 </record>
</collection>
